The Seven Habits of Highly Effective People (Record no. 23635)

000 -LEADER
fixed length control field 00356nam a22001337a 4500
003 - CONTROL NUMBER IDENTIFIER
control field NUST
008 - FIXED-LENGTH DATA ELEMENTS--GENERAL INFORMATION
fixed length control field 131220b xxu||||| |||| 00| 0 eng d
020 ## - INTERNATIONAL STANDARD BOOK NUMBER
International Standard Book Number 0671711172
Terms of availability Available
038 ## - RECORD CONTENT LICENSOR
Staff Name Arshad
082 ## - DEWEY DECIMAL CLASSIFICATION NUMBER
Classification number 158
Author Mark COV
245 ## - TITLE STATEMENT
Title The Seven Habits of Highly Effective People
Statement of responsibility, etc. Stephen R.Covey
260 ## - PUBLICATION, DISTRIBUTION, ETC.
Place of publication, distribution, etc. Lahore
Name of publisher, distributor, etc. PAF Book Club
Date of publication, distribution, etc. 1996
942 ## - ADDED ENTRY ELEMENTS (KOHA)
Source of classification or shelving scheme
Koha item type Book
Holdings
Withdrawn status Lost status Source of classification or shelving scheme Damaged status Not for loan Permanent Location Current Location Shelving location Date acquired Total Checkouts Total Renewals Full call number Barcode Date last seen Date last checked out Price effective from Koha item type
          Central Library (CL) Central Library (CL) General Stacks 08/08/2018 3 3 158 COV NBSD-3043 12/11/2024 11/22/2023 08/08/2018 Book
© 2023 Central Library, National University of Sciences and Technology. All Rights Reserved.